[Event "Cantabria-ch"]
[Site "Cantabria"]
[Date "2009.04.18"]
[Round "5"]
[White "Fernandez Pereda, Victor"]
[Black "Gutierrez Diaz, Isidro"]
[Result "1-0"]
[WhiteElo "1628"]
[BlackElo "1802"]
[PlyCount "55"]
[EventDate "2009.03.14"]
[EventType "swiss"]
[EventRounds "7"]
[EventCountry "ESP"]
[SourceTitle "EXT 2024"]
[Source "ChessBase"]
[SourceDate "2023.10.10"]
[SourceVersion "1"]
[SourceVersionDate "2023.10.10"]
[SourceQuality "1"]

1. d4 Nf6 2. c4 c5 3. e3 g6 4. Nf3 Bg7 5. Nc3 0-0 6. g3 cxd4 7. exd4 d6 8. Bg2 Nbd7 9. 0-0 Rb8 10. Be3 Ng4 11. Qd3 Nxe3 12. Qxe3 Nf6 13. Rfe1 Re8 14. Qd2 a6 15. a4 Qc7 16. b3 b6 17. Rac1 Bb7 18. d5 Rbd8 19. Bh3 Bc8 20. Bxc8 Qxc8 21. Ne4 Ng4 22. Qe2 Ne5 23. Nxe5 Bxe5 24. Qe3 Bg7 25. Qxb6 Bh6 26. Rc2 e5 27. Nd2 f6 28. Nf3 1-0